000 00554nam a2200217Ia 4500
003 GCL
008 140319s9999 xx 000 0 eng d
040 _aGCL /
_cGCL
082 0 4 _a600
_bS A
100 1 _aHACKETT, JAY. K
245 1 0 _aACCENT ON SCIENCE /
_cHACKETT, JAY. K
700 1 _aSUND, ROBERT. B
700 1 _aADAMS, SONALD K.
700 1 _aMOYER, RICHARD. H
260 _a[S.N] :
_bCHARLES E. MENILL PUBLISHING COMPANY ،
_c1985
300 _a404 P
650 0 4 _aSCIENCE
650 0 4 _aEARTH
650 0 4 _aHUMAN BODY
942 _2ddc
_cBK
999 _c24636
_d24636